000 00560nmm a2200169Ia 4500
008 251105s9999||||xx |||||||||||||||||und||
020 _a9788415770442
041 _aspa
100 _aPeiró Martín, Ignacio
245 0 _aHistoriadores en España :
_b Historia de la Historia y memoria de la profesión
264 _a[Madrid, España] :
_bPrensas Universitarias de Zaragoza,
_c2013
300 _a412 páginas
490 _aCiencias sociales
650 _aHistory of Europe: Spain
856 _uhttps://public.digitaliapublishing.com/a/42798
942 _cCF
999 _c77045
_d77045